Tenancy deposit protection (Record no. 79586)

MARC details
000 -LEADER
fixed length control field 01289cab a22002175a 4500
001 - CONTROL NUMBER
control field L141798
008 - FIXED-LENGTH DATA ELEMENTS--GENERAL INFORMATION
fixed length control field 071221s2007 xxk f 000 0 eng d
035 ## - SYSTEM CONTROL NUMBER
System control number (Sirsi) u141798
041 0# - LANGUAGE CODE
Language code of text/sound track or separate title eng
100 1# - MAIN ENTRY--PERSONAL NAME
Personal name Fowler, Steven
245 00 - TITLE STATEMENT
Title Tenancy deposit protection
Remainder of title end of tenancy
260 ## - PUBLICATION, DISTRIBUTION, ETC.
Date of publication, distribution, etc. 2007
490 ## - SERIES STATEMENT
Series statement Letting Update Journal
Volume/sequential designation 15(3) October 2007, 18-23(5)
520 ## - SUMMARY, ETC.
Summary, etc. Covers the issues raised by the end of an Assured Shorthold Tenancy agreement under the Housing Act 2004, and the return of a deposit safeguarded by a tenancy deposit protection scheme. Since April 2007, it has been mandatory to register deposits with such a scheme. The first wave of six-month tenancies are now coming to an end. Covers the key issues which landlords must be aware of in various circumstances when arranging for the forfeiture, part or full return of a deposit. Covers Alternative Dispute Resolution in the context of disputed deposits.
590 ## - LOCAL NOTE (RLIN)
Local note KA
650 24 - SUBJECT ADDED ENTRY--TOPICAL TERM
Topical term or geographic name entry element HOUSING ACT 2004
651 #4 - SUBJECT ADDED ENTRY--GEOGRAPHIC NAME
Geographic name United Kingdom
Chronological subdivision
690 ## - LOCAL SUBJECT ADDED ENTRY--TOPICAL TERM (OCLC, RLIN)
Topical term or geographic name as entry element PROPERTY-RESIDENTIAL PROPERTY-RESIDENTIAL LANDLORD AND TENANT-RESIDENTIAL TENANCIES-ASSURED TENANCIES
690 ## - LOCAL SUBJECT ADDED ENTRY--TOPICAL TERM (OCLC, RLIN)
Topical term or geographic name as entry element MANAGEMENT-DISPUTE AVOIDANCE, MANAGEMENT AND RESOLUTION-DISPUTE MANAGEMENT AND RESOLUTION-ALTERNATIVE DISPUTE RESOLUTION
942 ## - ADDED ENTRY ELEMENTS (KOHA)
Suppress in OPAC 0
Holdings
Withdrawn status Lost status Source of classification or shelving scheme Damaged status Not for loan Home library Current library Shelving location Date acquired Total Checkouts Full call number Barcode Date last seen Copy number Price effective from Koha item type
    Dewey Decimal Classification     London London Journal article 21/12/2007   L141798 141798-1001 06/08/2019 1 06/08/2019 Journal article